Aplikácie kointegračných modelov v makroekonomickom kontexte
Guardado en:
| Autor principal: | |
|---|---|
| Autor Corporativo: | |
| Otros Autores: | , |
| Formato: | Libro |
| Lenguaje: | eslovaco |
| Publicado: |
Bratislava
2009
|
| Materias: | |
| Etiquetas: |
Sin Etiquetas, Sea el primero en etiquetar este registro!
|
MARC
| LEADER | 00000nam$a2200000$$$4500 | ||
|---|---|---|---|
| 001 | 0113619 | ||
| 005 | 20240502072249.6 | ||
| 041 | 0 | |a slo | |
| 044 | |a SK | ||
| 245 | 1 | 0 | |a Aplikácie kointegračných modelov v makroekonomickom kontexte |c Martin Lukáčik, Adriana Lukáčiková, Karol Szomolányi |
| 264 | 1 | |a Bratislava |c 2009 | |
| 610 | 2 | 0 | |a modely ekonometrické |
| 610 | 2 | 0 | |a modely makroekonomické |
| 610 | 2 | 0 | |a investície |
| 610 | 2 | 0 | |a spotreba domácností |
| 610 | 2 | 0 | |a dovoz |
| 610 | 2 | 0 | |a vývoz |
| 610 | 2 | 0 | |a zamestnanosť |
| 610 | 2 | 0 | |a mzdy |
| 100 | 1 | |a Lukáčik, Martin, 1974- | |
| 700 | 1 | |a Lukáčiková, Adriana, 1971- | |
| 700 | 1 | |a Szomolányi, Karol, 1976- | |
| 710 | 2 | |a Fakulta hospodárskej informatiky EU. Katedra operačného výskumu a ekonometrie | |